| 000 | 004560000a22001810004500 | ||
|---|---|---|---|
| 003 | LK-CoMWRAF | ||
| 008 | 230817t ||||| |||| 00| 0 eng d | ||
| 020 | _a8125022872 | ||
| 040 |
_aLK-CoMWRAF _dLK-CoMWRAF _eLK-CoMWRAF |
||
| 041 | _aeng | ||
| 100 | _aDallas, Don | ||
| 245 |
_aSpeak English! _b |
||
| 260 |
_bOrient Longman Private Ltd. _aNew Delhi (India) _c2003 |
||
| 300 | _ap.52 | ||
| 490 | _aVol: 06 | ||
| 650 | _aWith Audiocassette | ||
| 942 | _cBK | ||
| 999 |
_c2193 _d2193 |
||